Joueurs de l'AS Monaco par photos - Statistiques

Statistiques générales
  • Ce quiz a été pris 173 fois
  • Le résultat moyen est 12 sur 16
Statistiques - réponses
Par images Réponse % Correct
Mbappe
100%
Falcao
96%
Henry
95%
Bernardo Silva
94%
Evra
94%
Fabinho
91%
Trezeguet
90%
Golovin
87%
Moutinho
83%
Glik
81%
Tielemans
81%
Raggi
72%
Morientes
61%
Ettori
40%
Gallardo
36%
Onnis
36%
Aucun quiz correspondant
Distribution des résultats
% des personnes avec chaque résultat
Percentile par nombre de réponses
Votre historique - résultats
Vous n’avez pas pris ce quiz